000 01568cam a22003494a 4500
999 _c331025
_d331025
001 12031570
003 NUST
005 20180117090030.0
008 000606s2001 nyu 001 0 eng
010 _a 00055013
020 _a0071352597 (alk. paper)
020 _a0071372679 (pbk.)
040 _aDLC
_cDLC
_dDLC
042 _apcc
050 0 0 _aBF637.V47
_bB47 2001
082 0 0 _a158.2
_221
100 1 _aBernstein, Albert J.
_94418
245 1 0 _aEmotional vampires :
_bdealing with people who drain you dry /
_cAlbert J. Bernstein.
260 _aNew York :
_bMcGraw-Hill,
_c2001.
300 _axi, 242 p. ;
_c24 cm.
500 _aIncludes index.
650 0 _aVerbal self-defense.
_94419
650 0 _aInterpersonal conflict.
_91885
650 0 _aInterpersonal communication.
_94420
856 4 2 _3Publisher description
_uhttp://www.loc.gov/catdir/description/mh024/00055013.html
856 4 1 _3Table of contents only
_uhttp://www.loc.gov/catdir/toc/mh023/00055013.html
856 4 2 _3Contributor biographical information
_uhttp://www.loc.gov/catdir/enhancements/fy0610/00055013-b.html
906 _a7
_bcbc
_corignew
_d1
_eocip
_f20
_gy-gencatlg
942 _2ddc
_cBK